000 00708nam2a2200205 4500
001 RU\NLR\PER_A\002813349_001110
005 20250625053038.0
035 _a(NLR Aleph) 016354454
090 _a13131286
_c13131286
100 _a20230424d2022 |||y0rusy50 ca
101 0 _arus
102 _aRU
200 0 _a2022, № 10 (1556)
210 _d2022
_aБ. м.
461 0 _1001RU\NLR\Per\570457
_12001#$aПензенские епархиальные ведомости$v2022, № 10 (1556)
_92689014
_cПенза
_d1866 - 1917, 1998 -
_tПензенские епархиальные ведомости
_v2022, № 10 (1556)
852 _aNLR
_jП37/174
942 _cISSUE
980 _aNB
980 _aRUSPER